Soil : / (Record no. 3579)

MARC details
000 -LEADER
fixed length control field 00580nam a22002057a 4500
001 - CONTROL NUMBER
control field BD-DhSAU 3579
003 - CONTROL NUMBER IDENTIFIER
control field BD-DhSAU
005 - DATE AND TIME OF LATEST TRANSACTION
control field 20150208130312.0
008 - FIXED-LENGTH DATA ELEMENTS--GENERAL INFORMATION
fixed length control field 150208b1970 ii a|||| |||| 001 0 eng d
020 ## - INTERNATIONAL STANDARD BOOK NUMBER
International Standard Book Number 0876920040
040 ## - CATALOGING SOURCE
Original cataloging agency BD-DhSAU
082 ## - DEWEY DECIMAL CLASSIFICATION NUMBER
Edition number 22
Classification number 631.4
Item number TAS
245 ## - TITLE STATEMENT
Title Soil :
Remainder of title Their chemistry and fertility in tropical Asia /
Statement of responsibility, etc. R. V. Tamhane [et.. al]
260 ## - PUBLICATION, DISTRIBUTION, ETC. (IMPRINT)
Place of publication, distribution, etc. New delhi :
Name of publisher, distributor, etc. Prentice-hall of india ,
Date of publication, distribution, etc. c1970.
300 ## - PHYSICAL DESCRIPTION
Extent 475 p.:
Other physical details ill. ;
Dimensions 22 cm.
504 ## - BIBLIOGRAPHY, ETC. NOTE
Bibliography, etc Includes index
590 ## - Name of Cataloguer
Name of Cataloger IMRAN
650 ## - SUBJECT ADDED ENTRY--TOPICAL TERM
Topical term or geographic name as entry element Soil science
700 ## - ADDED ENTRY--PERSONAL NAME
Personal name Tamhane, R. V.
942 ## - ADDED ENTRY ELEMENTS (KOHA)
Source of classification or shelving scheme Dewey Decimal Classification
Koha item type Book
Holdings
Withdrawn status Lost status Source of classification or shelving scheme Damaged status Not for loan Home library Branch Name Shelving location Date acquired Total Checkouts Full call number Barcode Date last seen Price effective from Koha item type
    Dewey Decimal Classification     SAU Library SAU Library General Stacks 21/04/1991   631.4 TAS 15647 08/02/2015 08/02/2015 Book
    Dewey Decimal Classification     SAU Library SAU Library General Stacks 21/04/1991   631.4 TAS 15649 08/02/2015 08/02/2015 Book
    Dewey Decimal Classification     SAU Library SAU Library General Stacks 21/04/1991   631.4 TAS 15645 08/02/2015 08/02/2015 Book